000 00755nam a2200241 a 4500
999 _c12009
_d12009
001 12009
003 BD-JhCC
005 20220623134024.0
008 210301b20102017bg |||| ||a| 000 0 ben d
020 _a9847020900610
035 _a(BD-JhCC)12009
040 _aBD-JhCC
_dBD-JhCC
041 _aBengali
082 _a813.54
_bASI 2017
100 _aআসিমভ,আইজাক
245 _aপৃথিবীটা অনেক বড় /
_cআইজাক আসিমভ, অনু: অনিশা দত্ত ।
260 _aঢাকা:
_bসন্দেশ;
_c২০১৭.
300 _a207 p. :
_c22 cm.
650 _aBengali Science Fiction
700 _aদত্ত,অনিশা
942 _2ddc
_cBK
_05